Capitalismo cognitivo y sociedad de la información: la deriva privatista de la UE /

El artículo aborda el discurso de la Unión Europea respecto de las posibilidades de las Tecnologías de la Información y la Comunicación (TIC), que facilitarían el derecho al acceso y la representación plural de identidades diversas. E autor demuestra las limitaciones de ese discurso comparado con la...

Täydet tiedot

Tallennettuna:
Bibliografiset tiedot
Päätekijä: Sierra Caballero, Francisco
Aineistotyyppi: Teksti
Aiheet:
Tagit: Lisää tagi
Ei tageja, Lisää ensimmäinen tagi!

MARC

LEADER 00000 a a2200000 04500
001 41393
003
040
100 |a Sierra Caballero, Francisco  
245 |a Capitalismo cognitivo y sociedad de la información:   |b la deriva privatista de la UE /  |c Francisco Sierra Caballero  
520 |a El artículo aborda el discurso de la Unión Europea respecto de las posibilidades de las Tecnologías de la Información y la Comunicación (TIC), que facilitarían el derecho al acceso y la representación plural de identidades diversas. E autor demuestra las limitaciones de ese discurso comparado con las acciones concretas del bloque, que establecen su grado de dependencia de los intereses de las grandes redes corporativas de la industria cultural. A la vez analiza las posibilidades de las iniciativas comunitarias y nacionales, que reclaman una construcción comunicacional distinta.  
590 |a RRA/ENERO2012  
650 |a TECNOLOGIAS DE LAS COMUNICACIONES  
650 |a CONOCIMIENTO  
650 |a IDEOLOGIAS  
650 |a CIUDADANIA  
650 |a DEMOCRACIA  
650 |a UNION EUROPEA  
773 |g páginas 233-254  
999 |c 21566  |d 21566